000 00604nab a2200193 4500
001 244442
003 OSt
005 20250324093205.0
007 tu
008 200917s2020|||||||
040 _aDE-2950
_cDE-2950
245 0 0 _aJuristin der Viadrina geehrt
_bAuszeichnung. Prof. Dr. Carmen Thiele hat eine Medaille für Verdienst um die Universität in Posen erhalten/
_cred
264 _c2024
653 _aFrankfurt (Oder)
653 _aProf. Dr. Carmen Thiele
653 _aAuszeichnung
773 0 _g36. Jahrgang (2025) Nr. 65 vom 18.03.2025, S. 13 mit Foto
_tMärkische Oderzeitung
942 _2z
_cA
999 _c373653
_d373653